000 01139nam0a22003011 4500
001 v19\rc\2026887
005 20251118181509.7
035 _a(NLR Aleph) 005106942
090 _a7451790
_c7451790
100 _a20080925d1916 u y0rusy50 ca
101 0 _arus
102 _aRU
105 _ay z |||||
200 1 _aНекоторые соображения об одном идеальном неэвклидовом мире
_fПроф. Н.Н. Парфентьев
210 _aКазань
_cТипо-лит. Имп. ун-та
_d1916
215 _a[2], 8 с.
_d25
532 1 3 _aНекоторые соображения об одном идеальном неэвклидовом мире
700 1 _4720
_7ca
_8rus
_aПарфентьев
_bН. Н.
_cматематик, педагог
_f1877-1943
_gНиколай Николаевич
_9206926
_3RU\NLR\AUTH\770206978
801 0 _aRU
_bNLR
_gpsbo
801 0 _aRU
_bRuMoRGB
_2psbo
801 1 _aRU
_bProSoft-M
_2rusmarc
852 _aNLR
_j34.106.5.93
899 _aRuMoRGB
_jW 74/680
899 _aRuMoRGB
_jW 429/630
899 _aБАН
942 _cBOOK
980 _aNB